Harry Potter y el cáliz de fuego

محفوظ في:
التفاصيل البيبلوغرافية
المؤلف الرئيسي: Rowling, Joanne K (مؤلف)
التنسيق: كتاب
اللغة:الإسبانية
منشور في: Barcelona Salamandra 2012
الطبعة:1a. ed
سلاسل:Letras de Bolsillo, 141
الموضوعات:
الوسوم: إضافة وسم
لا توجد وسوم, كن أول من يضع وسما على هذه التسجيلة!

MARC

LEADER 00000cam a2200000 a 4500
001 UCF9550
003 CL-VaPUC
008 131129e20120000sp |||||||||||||||||spa|d
020 |a 9788498384437 
082 0 4 |a 823  |b ROW  |2 21 
100 0 |a Rowling, Joanne K  |e author  |9 571914 
245 1 0 |a Harry Potter y el cáliz de fuego 
250 |a 1a. ed 
300 |a 635 p 
942 |c BK 
945 |d 20131129 12:34:00  |a cmena 
260 |a Barcelona  |b Salamandra  |c 2012 
650 0 |a Novelas inglesas  |9 265220 
650 0 |a Novelas juveniles  |9 545094 
650 0 |a Literatura inglesa  |9 312907 
583 |a last modification  |c 20131129 12:34:00  |k Rodrigo Vera 
490 0 |a Letras de Bolsillo, 141 
999 |c 353993  |d 353991